| 000 | 00741nam a22002297a 4500 | ||
|---|---|---|---|
| 999 |
_c14632 _d14632 |
||
| 003 | AR-CdUCM | ||
| 008 | 190424b ||||| |||| 00| 0 spa d | ||
| 020 | _a978-84-16648-43-6 | ||
| 040 |
_aMUNICIPALIDAD PROVINCIAL DEL CUSCO _cBIBLIOTECA MUNICIPAL DEL CUSCO |
||
| 082 |
_aPI / 803 / _bB97 |
||
| 100 |
_aButterfield, Moira _933494 |
||
| 245 |
_aNo soy un poni : _bCon un mágico desplegable en el interior / |
||
| 260 |
_aChina : _bGinger Fox, _c2015. |
||
| 300 |
_c15.5 cm. _bIlustraciones, |
||
| 505 | _aNo tiene numeración de página. | ||
| 650 |
_aEntretenimiento _915681 |
||
| 650 |
_aHistoria _9136 |
||
| 650 |
_aPoni _933495 |
||
| 700 |
_aDelgado, Joana (Traducción) _933496 |
||
| 942 |
_2ddc _cLIBROS |
||
| 945 |
_arah _d24/04/2019 |
||